| 000 | 00000nam##2200000za#4500 |
| 001 | 9.605045 |
| 003 | CaOODSP |
| 005 | 20210624211920 |
| 007 | cr ||||||||||| |
| 008 | 150406|2008||||xxc|||||o f|0| 0 fre|d |
| 040 | |aCaOODSP|bfre |
| 043 | |an-cn--- |
| 086 | 1 |aTU3-5/08-4F-PDF |
| 110 | 2 |aBureau de la sécurité des transports du Canada. |
| 245 | 10|aCollision en vol entre le de Havilland DHC-6-300 Twin Otter C-FWLG exploité par Provincial Airlines limited et le de Havilland DHC-6-300 Twin Otter C-FGON exploité par Air Labrador à Natuashish (Terre-Neuve-et-Labrador), le 4 novembre 2008 |h[ressource électronique] |
| 260 | |aGatineau - Québec : |bBureau de la sécurité des transports du Canada |c[2008]. |
| 300 | |a17p.|bill. en couleur, figures |
| 490 | 1 |aRapport d'enquête aéronautique |v08A0147 |
| 590 | |a13-02-Supp|b2013-01-11 |
| 775 | 08|tMid-Air collision - Provincial Airlines Limited de Havilland DHC-6-300 Twin Otter C-FWLG and Air Labrador de Havilland DHC-6-300 Twin Otter C-FGON Natuashish, Newfoundland and Labrador, 04 November 2008 |w(CaOODSP)9.575533 |
| 830 | #0|aRapport d'enquête aéronautique ;|v08A0147|w(CaOODSP)9.501229 |
| 856 | 40|ahttp://publications.gc.ca|qPDF|s1129 Ko|uhttps://publications.gc.ca/collections/collection_2013/bst-tsb/TU3-5-08-4-fra.pdf|y08A0147 |